Doing Business in China /

Gespeichert in:
Bibliographische Detailangaben
1. Verfasser: Ambler, Tim (autor)
Weitere Verfasser: Witzel, Morgen (autor) (autor)
Format: Buch
Sprache:Englisch
Veröffentlicht: Londres, Inglaterra : Routledge, 2004, c2004
Ausgabe:2a edición
Schlagworte:
Tags: Tag hinzufügen
Keine Tags, Fügen Sie das erste Tag hinzu!

MARC

LEADER 00000nam^a2200000^a^4500
001 000167428
005 20250521000000.0
009 20260526125501.075
020 |a 0-415-31015-6 
037 |a Acervo ITESO - Biblioteca 
041 |a ING 
082 |a 330. 951059  |b AMB 
100 |a Ambler, Tim  |e (autor) 
245 1 0 |a Doing Business in China /  |c T. Ambler, M. Witzel. 
250 |a 2a edición 
264 4 |a Londres, Inglaterra :  |b Routledge,  |c 2004, c2004 
300 |a XIII, 274 p. 
336 |a texto  |b txt  |2 rdacontenido 
337 |a sin mediación  |b n  |2 rdamedio 
338 |a volumen  |b nc  |2 rdasoporte 
649 |a XX 
650 |a Transnacionales -  |z China 
650 |a Inversiones Extranjeras -  |z China 
650 |a Apertura Comercial e Integración Económica -  |z China 
650 |a Mercadotecnia de Exportación -  |z China 
650 |a Exportaciones -  |z China 
650 |a Política Comercial -  |z China 
650 |a Política Económica -  |z China 
650 |a Comercio Exterior -  |z China 
650 |a Comercio Internacional 
650 |a Economía -  |z China -  |x Historia -  |y 1993-2003 
650 |a Economía -  |z China -  |x Historia -  |y Período de la República Popular, 1949 en Adelante 
650 |a China -  |x Condiciones Económicas 
700 |a Witzel, Morgen  |e (autor) 
910 |a Fondo General 
920 |a Impresos - Libros 
930 |a Colección General 
905 |a 101 
901 |a 0500103130  |b IT1  |c ACC  |u 20250521 
902 |a https://opac.biblio.iteso.mx/vufind/Record/000167428